000 00355nam a2200157Ia 4500
100 _aKai/ Lai/ Chung
250 _a3
942 _cBK
654 _amathematics
245 _aElementary Probability Theory with Stochastic Processes
260 _bNarosa book
_c1974
082 _a658.4034
_bCHU
300 _a325
546 _aENGLISH
999 _c28649
_d28649